000 00883nam a22002537a 4500
005 20220420154152.0
008 220420b ||||| |||| 00| 0 eng d
040 _cAloy
041 _aeng
082 _223
_a305.42
_bCENL
100 _aCentre for study of science and Religion and others
_930648
245 _aLiberation:
_bNational conference on women, science and spirituality
260 _aVisakhapatnam
_bHouse of Human Science & Service
_c2004
300 _a87 p.
_bPB
_c24x17 cm
365 _2Sociology
650 _aWomen
_930641
650 _aWomens Education Nations Progress
_930642
650 _aWomen of the Work Place
_930643
650 _aWomen in Science
_930644
700 _aCENTRE FOR STUDY OF SCIENCE AND RELIGION
_930645
700 _aCENTER FOR EMPOWERMENT OF WOMEN
_930646
700 _aINSTITUTE FOR HUMAN SCIENCE AND SERVICE
_930649
942 _2ddc
_cGF
999 _c222520
_d222520